000 00484nam a2200145Ia 4500
008 100122s9999 xx 000 0 und d
082 _b58873
_a823.08
100 _aलिमये अरविंद
245 _aस्पर्श प्रकाशाचा
260 _bचिरानि प्रकाशन
_c2000
300 _a172
630 _aस्पर्श प्रकाशाचा
730 _aस्पर्श प्रकाशाचा
942 _cBOOK
999 _c434618
_d434615